000 00553nam a22001457a 4500
005 20250206172056.0
008 241104b |||||||| |||| 00| 0 eng d
100 _aO'connell, Ronan.
_eauthor.
_963505
245 _aCloser look :
_binto a shadow realm /
_cRonan O'connell.
260 _aWashington ;
_bNational Geographic Partners, LLC.,
_cOctober 2022.
300 _avolume 241, pages 30-31,
_billustration.
500 _aNational Geographic, v. 242, n. 4, pages 30-31, September 2022.
700 _aO'connell, Ronan.
_eauthor.
_963506
942 _2ddc
_cPER
999 _c22944
_d22944